000
00340nam a2200145Ia 4500
008
230718s9999 xx 000 0 und d
041
_a
Eng.
082
_a
342.54
_b
CHO-C
100
_a
Choudhary, G.W
245
0
_a
Constitution of Pakistan
260
_a
Pakistan
_b
Bhatti Publishers
_c
2011
300
_a
326
650
_a
Law
999
_c
31278
_d
31278